| Поле | Инд. | ПП | Название | Значение |
|---|---|---|---|---|
| Тип записи | a | |||
| Библиографический уровень | m | |||
| 001 | Контрольный номер | RU/IS/BASE/398788245 | ||
| 005 | Дата корректировки | 20230213134554.8 | ||
| 020 | c | Цена, тираж | 0-80 | |
| 040 | b | Код языка каталог. | rus | |
| 041 | 0_ | a | Код языка текста | rus |
| 080 | a | Индекс УДК | 004.42 | |
| 084 | a | Индекс другой классификации/Индекс ББК | 32.972.1 | |
| 090 | a | Полочн. индекс | 681.3 | |
| x | Авторский знак | Х20 | ||
| 097 | b | Оператор | 11 | |
| 245 | 10 | a | Заглавие | Характеристики качества программного обеспечения |
| c | Ответственность | Б. Боэм [и др.] ; пер. с англ. Е. К. Масловского | ||
| 260 | a | Место издания | М. | |
| b | Издательство | Мир | ||
| c | Дата издания | 1981 | ||
| 300 | a | Объем | 206 с. | |
| 510 | 0_ | a | Примечание о ссылках | Книги и методические пособия |
| 650 | 04 | a | Основная рубрика | 50.41 Программное обеспечение вычислительных машин, комплексов и сетей |
| x | Основная подрубрика | 50.41.23 Программное обеспечение вычислительных сетей | ||
| 653 | 0_ | a | Ключевые слова | программное обеспечение; качество программного обеспечения |
| 901 | t | Тип документа | m |